[Event "Sicilia Regional-ch"]
[Site "Erice"]
[Date "2009.05.31"]
[Round "3"]
[White "Salvaggio, Salvatore"]
[Black "Bertino, Giacomo"]
[Result "0-1"]
[WhiteElo "1760"]
[BlackElo "2027"]
[PlyCount "64"]
[EventDate "2009.05.30"]
[EventType "swiss"]
[EventRounds "7"]
[EventCountry "ITA"]
[SourceTitle "EXT 2011"]
[Source "ChessBase"]
[SourceDate "2010.11.26"]
[SourceVersion "1"]
[SourceVersionDate "2010.11.26"]
[SourceQuality "1"]

1. d4 Nf6 2. c4 e6 3. Nc3 Bb4 4. Bg5 h6 5. Bh4 c5 6. d5 b5 7. Bxf6 Qxf6 8. Rc1 bxc4 9. e4 Qd4 10. Qe2 Ba6 11. Nf3 Qf6 12. a3 Ba5 13. Qe3 d6 14. Be2 Nd7 15. 0-0 Rb8 16. Rc2 0-0 17. Qc1 Ne5 18. Nxe5 Qxe5 19. Bf3 Rb3 20. Rd1 Rfb8 21. Rdd2 Bxc3 22. Rxc3 Rxc3 23. bxc3 Rb3 24. Rc2 exd5 25. exd5 Bb7 26. h3 Bxd5 27. Re2 Qf5 28. Re8+ Kh7 29. Bd1 Rb1 30. Qd2 Qd3 31. Qxd3+ cxd3 32. Re1 Bb3 0-1